Islam, (Record no. 85096)

MARC details
000 -LEADER
fixed length control field 00565cam a22002171 4500
001 - CONTROL NUMBER
control field sa 68013421
003 - CONTROL NUMBER IDENTIFIER
control field DLC
005 - DATE AND TIME OF LATEST TRANSACTION
control field 20260227112621.0
008 - FIXED-LENGTH DATA ELEMENTS--GENERAL INFORMATION
fixed length control field 711115s1968 pk b 00010 eng
010 ## - LIBRARY OF CONGRESS CONTROL NUMBER
LC control number sa 68013421 //r85
025 ## - OVERSEAS ACQUISITION NUMBER
Overseas acquisition number PL480:P-E-1493
050 0# - LIBRARY OF CONGRESS CALL NUMBER
Classification number BP161
Item number .A33 1968
082 ## - DEWEY DECIMAL CLASSIFICATION NUMBER
Classification number 297
100 10 - MAIN ENTRY--PERSONAL NAME
Personal name Ali, Syed Ameer,
Dates associated with a name 1849-1928.
245 10 - TITLE STATEMENT
Title Islam,
Statement of responsibility, etc. by Syed Ameer Ali.
260 0# - PUBLICATION, DISTRIBUTION, ETC.
Place of publication, distribution, etc. Lahore,
Name of publisher, distributor, etc. Premier Book House
Date of publication, distribution, etc. [1968]
300 ## - PHYSICAL DESCRIPTION
Extent vi (i.e. x) 90 p.
Dimensions 18 cm.
350 ## - PRICE (NR) (BK AM CF MU VM SE) [OBSOLETE]
Price 2.75
504 ## - BIBLIOGRAPHY, ETC. NOTE
Bibliography, etc. note Bibliographical footnotes.
650 #0 - SUBJECT ADDED ENTRY--TOPICAL TERM
Topical term or geographic name entry element Islam.

No items available.

Powered by Koha